Declaración sobre gestiones realizadas por el gobierno de los Estados Unidos de América en favor de inmigrantes centroamericanos

Uloženo v:
Podrobná bibliografie
Médium: Text
Témata:
Tagy: Přidat tag
Žádné tagy, Buďte první, kdo vytvoří štítek k tomuto záznamu!

MARC

LEADER 00000 a a2200000 04500
001 16152
003
040
245 |a Declaración sobre gestiones realizadas por el gobierno de los Estados Unidos de América en favor de inmigrantes centroamericanos  
650 |a MIGRACIONES  
650 |a ACUERDOS INTERNACIONALES  
773 |g número 52; páginas 543  
999 |c 31556  |d 31556